| 000 | 01329cam a2200337 a 4500 | ||
|---|---|---|---|
| 999 |
_c129060 _d129060 |
||
| 001 | 14887939 | ||
| 003 | ARRUPE | ||
| 005 | 20190219112101.0 | ||
| 008 | 070612s2006 mw 001 0 eng | ||
| 010 | _a 2007383469 | ||
| 020 | _a9990836027 | ||
| 040 |
_aDLC _cDLC _dDLC |
||
| 042 | _alcode | ||
| 043 | _af-ml--- | ||
| 050 | 0 | 0 |
_aHC935 _b.P45 2006 |
| 100 | 1 |
_aPhiri, D. D. _q(Desmond Dudwa) _944764 |
|
| 245 | 1 | 0 |
_aMalawi our future our choice : _bthe selected essays of D.D. Phiri / _cD.D. Phiri. |
| 260 |
_aBlantyre, Malawi : _bSociety of Malawi (Historical and Scientific), _c2006. |
||
| 300 |
_aix, 158 p. ; _c22 cm. |
||
| 500 | _a"Originally published in the Nation newspaper, Malawi; selected and edited for this book by Judy Williams and John Williams." | ||
| 500 | _aIncludes index. | ||
| 651 | 0 |
_aMalawi _xEconomic conditions. _99854 |
|
| 651 | 0 |
_aMalawi _xEconomic policy. _921625 |
|
| 651 | 0 |
_aMalawi _xSocial conditions. _911921 |
|
| 651 | 0 |
_aMalawi _xPolitics and government _y1994- _944765 |
|
| 700 | 1 |
_aWilliams, Judy. _944766 |
|
| 700 | 1 |
_aWilliams, John. _916182 |
|
| 856 | 4 | 1 |
_3Table of contents only _uhttp://www.loc.gov/catdir/toc/fy0803/2007383469.html |
| 906 |
_a7 _bcbc _corigode _d3 _encip _f20 _gy-gencatlg |
||
| 942 |
_2lcc _cMONOGRAPH |
||